Tilastot visalle Yleistieto #80

Klikkaa tästä pelataksesi tätä visaa!

Yleistilastot

  • Tätä visaa on pelattu 343 kertaa
  • Keskiarvotulos 7 / 15

Vastaustilastot

VinkkiVastaus% Oikein
Mille maalle Färsaaret kuuluvat?Tanskalle
90%
Kuka on juontanut Voice of Finland- ohjelmaa vuodesta 2016 ?Heikki Paasonen
74%
Mikä on Helsingin uuden Keskustakirjaston nimi?Oodi
67%
Kuka on Hurriganesin laulaja?Remu Aaltonen
65%
Mikä on Yhdysvaltojen pienin osavaltio?Rhode Island
60%
Mitä rotua Lassie oli?Collie
58%
Kenen hitti on ''Minttu sekä Ville''?Jonna Tervomaan
57%
Mikä on Portugalin toiseksi suurin kaupunki?Porto
55%
MIstä maasta nykyinen paavi Franciscus on kotoisin?Argentiinasta
50%
Mikä kaupunki on MIchael Jacksonin, mallinakin tunnetun tyttären etunimenä?Paris
44%
Mille maalle Guam kuuluu?Yhdysvalloille
42%
Kuka voitti parhaan miespääosan Oscarin elokuvasta ''Sademies''?Dustin Hoffman
31%
Mikä joki virtaa Kiovan läpi?Dnepr
30%
Kuka on suunnitellut Tampereen tuomiokirkon?Lars Sonck
9%
Kuka kirjoitti ''Pahan kukkia'?Charles Baudelaire
6%

Tulosjakauma

Persentiili vastausten määrän mukaan

Jokaisen tuloksen saaneiden osuus

Tuloshistoriasi

Et ole pelannut tätä visaa